Skoki Narciarskie - Najlepsi Finowie w PŚ w XXI wieku - Statystyki

Ogólne statystyki
  • Ten quiz został rozwiązany 126 razy
  • Średni wynik to 18 z 25
Statystyki odpowiedzi
Sezon Skoczek % Poprawnych
2002/03 Janne Ahonen
99%
2003/04 Janne Ahonen
99%
2004/05 Janne Ahonen
99%
2005/06 Janne Ahonen
99%
2006/07 Janne Ahonen
99%
2007/08 Janne Ahonen
99%
2009/10 Janne Ahonen
99%
2017/18 Antti Aalto
90%
2018/19 Antti Aalto
90%
2019/20 Antti Aalto
90%
2020/21 Antti Aalto
90%
2024/25 Antti Aalto
90%
2022/23 Niko Kytosaho
76%
2023/24 Niko Kytosaho
76%
2001/02 Matti Hautamaki
63%
2010/11 Matti Hautamaki
63%
2008/09 Harri Olli
61%
2011/12 Anssi Koivuranta
51%
2013/14 Anssi Koivuranta
51%
2016/17 Jarkko Maatta
51%
2021/22 Eetu Nousiainen
44%
2000/01 Risto Jussilainen
41%
2012/13 Lauri Asikainen
27%
2014/15 Lauri Asikainen
27%
2015/16 Lauri Asikainen
27%
Nie znaleziono quizów pasujących do podanych kryteriów
Rozkład punktacji
Procent ludzi z każdym wynikiem
Percentyl według liczby udzielonych odpowiedzi
Twoja historia wyników
Nie rozwiązałeś tego quizu